| 000 | 00585nam a2200241Ia 4500 | ||
|---|---|---|---|
| 003 | 0100 | ||
| 008 | 130303s9999 xx 000 0 und d | ||
| 020 | _a534560792 | ||
| 040 | _cARRUPELIB | ||
| 050 | _aBR145.2.P471999 | ||
| 100 | _aPeterson, R. Dean | ||
| 245 | 2 | _aA concise history of christianity | |
| 250 | _a2nd | ||
| 260 | _aBelmont | ||
| 260 | _bWadsworth Publishing Co. | ||
| 260 | _C1999 | ||
| 300 | _a360 p. | ||
| 650 | _bPsychology - Methodology | ||
| 650 | _cPsychology - History | ||
| 650 | _dMaslow, Abraham H | ||
| 700 | _aR. Dean Peterson | ||
| 942 | 0 | 0 | _02 |
| 999 |
_c12846 _d12846 |
||